| Поле | Инд. | ПП | Название | Значение |
|---|---|---|---|---|
| Тип записи | a | |||
| Библиографический уровень | b | |||
| 001 | Контрольный номер | RU/IS/BASE/289329953 | ||
| 005 | Дата корректировки | 20200630193256.6 | ||
| 008 | Кодируемые данные | 20090302 | ||
| 040 | b | Код языка каталог. | rus | |
| e | Правила каталог. | PSBO | ||
| 041 | 0_ | a | Код языка текста | rus |
| 084 | a | Индекс другой классификации/Индекс ББК | 81.1; 81.471.1-5; 66.06 | |
| 100 | 1_ | a | Автор | Дарьина Е. В. |
| 245 | 10 | a | Заглавие | Выделительные конструкции в речах Шарля де Голля |
| 504 | a | Библиография | Библиогр.: с. 89 | |
| 600 | 14 | a | Персоналии | Голль Шарль де |
| 650 | 04 | a | Основная рубрика | лингвистика текста |
| a | Основная рубрика | политология | ||
| a | Основная рубрика | прикладное языкознание | ||
| a | Основная рубрика | стилистика | ||
| a | Основная рубрика | филологические науки | ||
| a | Основная рубрика | французский язык | ||
| a | Основная рубрика | частное языкознание | ||
| a | Основная рубрика | языкознание | ||
| 653 | 0_ | a | Ключевые слова | обращение |
| a | Ключевые слова | политическая речь | ||
| a | Ключевые слова | политическая риторика | ||
| a | Ключевые слова | политические деятели | ||
| a | Ключевые слова | политический дискурс | ||
| a | Ключевые слова | презентативы | ||
| a | Ключевые слова | устная речь | ||
| a | Ключевые слова | прикладная политология | ||
| 773 | 08 | t | Заглавие источника | Вестник Московского университета. Серия 9, Филология |
| d | Дата издания источника | 2008 | ||
| g | Прочая информация | № 1. - С. 79 - 89 | ||
| w | Контрольный № источника | RU/IS/BASE/286474501 | ||
| 901 | t | Тип документа | b |